| 000 | 01601cab a22003015a 4500 | ||
|---|---|---|---|
| 001 | L141592 | ||
| 008 | 071204s2007 xxkd f 000 0 eng d | ||
| 035 | _a(Sirsi) u141592 | ||
| 041 | 0 | _aeng | |
| 100 | 1 | _aAdeyeye, Kemi | |
| 245 | 0 | 0 |
_aEnergy conservation and building design _bthe environmental legislation push and pull factors |
| 260 | _c2007 | ||
| 490 | 0 |
_aStructural Survey _v25(5) December 2007, 375-390(16) |
|
| 520 | _aBased on a survey of UK architectural design practices, this paper examines the potential impact of energy conservation policies and legislation on building design; looks at energy conservation practices in the building industry; and highlights associated barriers to an integrated low energy architectural design process. Reveals that building design is affected by existing legislation, but often not by policy, and there are not many incentives for the industry to implement the low energy design strategies that are recommended. References. | ||
| 590 | _aKA | ||
| 650 | 2 | 4 | _aDIRECTIVE 2002/91/EC |
| 650 | 2 | 4 | _aISO 14001: 2004 |
| 650 | 2 | 4 | _aBUILDING REGULATIONS 2000 APPROVED DOCUMENT L1A (2006 EDITION) |
| 650 | 2 | 4 | _aBUILDING REGULATIONS 2000 APPROVED DOCUMENT L1B (2006 EDITION) |
| 650 | 2 | 4 | _aBUILDING REGULATIONS 2000 APPROVED DOCUMENT L2A (2006 EDITION) |
| 650 | 2 | 4 | _aBUILDING REGULATIONS 2000 APPROVED DOCUMENT L2B (2006 EDITION) |
| 651 | 4 |
_aUnited Kingdom _y |
|
| 690 | _aBUILT ENVIRONMENT-SUSTAINABLE CONSTRUCTION | ||
| 690 | _aBUILT ENVIRONMENT-CONSTRUCTION DESIGN | ||
| 700 | 1 | _aOsmani, Mohamed | |
| 700 | 1 | _aBrown, Claire | |
| 942 | _n0 | ||
| 999 |
_c79532 _d79532 |
||